[Event "FRA-chT Top 16 GpA"]
[Site "Belfort"]
[Date "2025.05.26"]
[Round "5.4"]
[White "Lagarde, Maxime"]
[Black "Yoganathan, Sakithyan"]
[Result "1-0"]
[WhiteElo "2622"]
[BlackElo "2214"]
[PlyCount "63"]
[EventDate "2025.05.22"]
[EventType "team-tourn"]
[EventRounds "7"]
[EventCountry "FRA"]
[SourceTitle "CB22_2025"]
[SourceDate "2025.05.28"]
[SourceVersion "1"]
[SourceVersionDate "2025.05.28"]
[SourceQuality "1"]
[WhiteTeam "Chartres"]
[BlackTeam "Bois Colombes"]
[WhiteTeamCountry "FRA"]
[BlackTeamCountry "FRA"]

1. c4 Nf6 2. Nc3 g6 3. d4 Bg7 4. e4 d6 5. Nf3 0-0 6. Be2 e5 7. 0-0 Nc6 8. d5 Ne7 9. b4 Ne8 10. a4 f5 11. a5 Nf6 12. Re1 fxe4 13. Ng5 e3 14. Bxe3 Nf5 15. Bd2 e4 16. Ngxe4 Nxe4 17. Nxe4 Qh4 18. Bd3 Be5 19. g3 Qe7 20. Ra3 Nd4 21. f4 Bg7 22. Ng5 Qf6 23. Bc3 h6 24. Ne6 c5 25. Bxd4 cxd4 26. Nxf8 Bxf8 27. Re8 h5 28. Qe1 g5 29. fxg5 Qxg5 30. Ra2 Bf5 31. Rxa8 Bxd3 32. Rf2 1-0

[Event "Noisiel op 10th"]
[Site "Noisiel"]
[Date "2025.04.12"]
[Round "1"]
[White "Fedorchuk, Sergey A"]
[Black "Yoganathan, Sakithyan"]
[Result "1-0"]
[WhiteElo "2563"]
[BlackElo "2137"]
[PlyCount "47"]
[EventDate "2025.04.12"]
[EventType "swiss"]
[EventRounds "9"]
[EventCountry "FRA"]
[SourceTitle "CB17_2025"]
[SourceDate "2025.04.23"]
[SourceVersion "1"]
[SourceVersionDate "2025.04.23"]
[SourceQuality "1"]

1. e4 c5 2. Nf3 e6 3. d4 cxd4 4. Nxd4 Nf6 5. Nd2 d5 6. exd5 Qxd5 7. Nb5 Na6 8. Nc3 Qe5+ 9. Be2 Bb4 10. Nc4 Qc7 11. Bd2 Bd7 12. a4 Rd8 13. 0-0 Bc6 14. Qc1 0-0 15. Bf4 Qc8 16. Nb5 Bxb5 17. axb5 Nc7 18. b6 Na6 19. bxa7 Bc5 20. Bb8 Nc7 21. b4 b5 22. Ne5 Bd4 23. Nc6 Bxa1 24. Ne7+ 1-0